Franz Ferdinand Songs - Statistics

General Stats
  • This quiz has been taken 112 times
  • The average score is 47 of 111
Answer Stats
Albums Answers % Correct
Take Me Out
100%
The Dark Of The Matinée
89%
Darts Of Pleasure
87%
Michael
84%
Do You Want To
82%
This Fire
82%
Tonight | Ulysses Ulysses
82%
Walk Away
82%
Walk Away (Acoustic)
82%
The Fallen | You Could Have It So Much Better The Fallen
76%
The Fallen (Acoustic)
76%
Eleanor Put Your Boots On
71%
Franz Ferdinand (2004) Jacqueline
69%
'40
67%
No You Girls
67%
Can't Stop Feeling
64%
Always Ascending Always Ascending
62%
Fresh Strawberries
62%
Billy Goodbye Billy Goodbye
60%
Curious Curious
60%
You Could Have It So Much Better
60%
Right Thoughts, Right Words, Right Action Right Action
58%
Cheating On You
56%
Tell Her Tonight
56%
Auf Achse
53%
Evil Eye
51%
Lucid Dreams
47%
Come On Home
44%
Katherine Kiss Me
44%
Love Illumination
44%
Outsiders
44%
This fffire This Fffire
44%
Bullet
40%
Live Alone
40%
Stand On The Horizon
40%
You're The Reason I'm Leaving
40%
This Boy
38%
Twilight Omens
38%
Bite Hard
33%
Erdbeer Mund
33%
Fade Together
33%
I'm Your Villain
33%
Lois Lane
33%
The Academy Award
31%
What You Meant
31%
What You Meant (Acoustic)
31%
Glimpse Of Love
29%
The Universe Expanded
29%
Van Tango
29%
Brief Encounters
27%
Evil And A Heathen
27%
Feel The Love Go
27%
Goodbye Lovers and Friends
27%
L. Wells
27%
Treason! Animals.
27%
Well That Was Easy
27%
What She Came For
27%
Your Diary
27%
Dream Again
24%
Katherine Hit Me
24%
Lazy Boy
24%
Turn It On
24%
Words so leisured
24%
Huck And Jim
22%
Love And Destroy
22%
Paper Cages
22%
Send Him Away
22%
Shopping for Blood
22%
Brown Onions
20%
Jeremy Fraser
20%
All for you
18%
Forty Feet
18%
Ghost In A Ditch
18%
Wine In The Afternoon
18%
Feeling Kind Of Anxious
16%
Get Away
16%
Missing You
16%
Finally
13%
Sexy Boy
11%
Slow Don't Kill Me Slow
11%
The Vaguest Of Feeling
11%
Anyone In Love
9%
Better In Hoboken
9%
Die On The Floor
9%
Don't Start
9%
Fabulously Lazy
9%
You Never Go Out Anymore
9%
Backwards On My Face
7%
Feel The Envy
7%
Blood Feel The Pressure
7%
If I Can't Have You Then Nobody Can
7%
New Kind Of Thrill
7%
All My Friends
4%
Be Afraid
4%
No matching quizzes found
Score Distribution
Percent of People with Each Score
Percentile by Number Answered
Your Score History
You have not taken this quiz